[Event "Thanet op-A 50th"]
[Site "Margate"]
[Date "2019.08.17"]
[Round "2"]
[White "Jermy, Jaden"]
[Black "Gregory, Philip J"]
[Result "0-1"]
[WhiteElo "1622"]
[BlackElo "2028"]
[PlyCount "86"]
[EventDate "2019.08.16"]
[EventType "swiss"]
[EventRounds "5"]
[EventCountry "ENG"]
[SourceTitle "EXT 2024"]
[Source "ChessBase"]
[SourceDate "2023.10.10"]
[SourceVersion "1"]
[SourceVersionDate "2023.10.10"]
[SourceQuality "1"]

1. d4 d5 2. Bf4 Nf6 3. e3 e6 4. Nd2 c5 5. c3 Nbd7 6. Ngf3 b6 7. Bd3 Bb7 8. 0-0 Be7 9. h3 0-0 10. Ne5 Ne4 11. Bh2 Nxe5 12. dxe5 Nxd2 13. Qxd2 f5 14. exf6 Bxf6 15. Qc2 g6 16. e4 dxe4 17. Bxe4 Bxe4 18. Qxe4 Qd5 19. Rfe1 Kf7 20. Rad1 Qxe4 21. Rxe4 Rad8 22. Ree1 Rfe8 23. Rxd8 Rxd8 24. Bf4 Rd7 25. Kf1 h5 26. Ke2 e5 27. Bc1 c4 28. Kf3 Ke6 29. Ke4 Rd5 30. Re2 b5 31. Rd2 Rxd2 32. Bxd2 Be7 33. Be3 a6 34. Bb6 Bd6 35. f3 Bb8 36. g4 Bd6 37. Bf2 Bc7 38. Bg3 Bb8 39. b3 cxb3 40. axb3 a5 41. c4 bxc4 42. bxc4 a4 43. Kd3 e4+ 0-1

[Event "Paignton op"]
[Site "Paignton"]
[Date "2013.09.06"]
[Round "6"]
[White "Bass, John W"]
[Black "Gregory, Philip J"]
[Result "1/2-1/2"]
[WhiteElo "2073"]
[BlackElo "2049"]
[PlyCount "41"]
[EventDate "2013.09.01"]
[EventType "swiss"]
[EventRounds "7"]
[EventCountry "ENG"]
[SourceTitle "EXT 2016"]
[Source "ChessBase"]
[SourceDate "2015.10.08"]
[SourceVersion "1"]
[SourceVersionDate "2015.10.08"]
[SourceQuality "1"]

1. d4 d5 2. Nf3 Nf6 3. c4 c6 4. e3 Bf5 5. Nc3 e6 6. Be2 h6 7. 0-0 Nbd7 8. b3 Bd6 9. Bb2 0-0 10. Rc1 Re8 11. h3 Bh7 12. Bd3 Bxd3 13. Qxd3 e5 14. dxe5 Nxe5 15. Nxe5 Bxe5 16. Rfd1 dxc4 17. Qxc4 Qe7 18. Qe2 Rad8 19. Qc2 Rxd1+ 20. Rxd1 Rd8 21. Rxd8+ 1/2-1/2

[Event "Paignton op"]
[Site "Paignton"]
[Date "2013.09.05"]
[Round "5"]
[White "Gregory, Philip J"]
[Black "Slade, Theodore"]
[Result "1/2-1/2"]
[WhiteElo "2049"]
[BlackElo "1743"]
[PlyCount "53"]
[EventDate "2013.09.01"]
[EventType "swiss"]
[EventRounds "7"]
[EventCountry "ENG"]
[SourceTitle "EXT 2016"]
[Source "ChessBase"]
[SourceDate "2015.10.08"]
[SourceVersion "1"]
[SourceVersionDate "2015.10.08"]
[SourceQuality "1"]

1. e4 e6 2. d4 d5 3. Nc3 Nf6 4. Bg5 Bb4 5. e5 h6 6. Bd2 Bxc3 7. bxc3 Ne4 8. Qg4 g6 9. Bd3 Nxd2 10. Kxd2 c5 11. h4 Bd7 12. h5 g5 13. f4 Nc6 14. fxg5 Qxg5+ 15. Qxg5 hxg5 16. Ke3 Ke7 17. g4 Raf8 18. Nf3 f6 19. Raf1 fxe5 20. Nxe5 Nxe5 21. dxe5 Bc6 22. Rxf8 Rxf8 23. Rf1 Rxf1 24. Bxf1 c4 25. Be2 Kf7 26. Kd4 b6 27. Ke3 1/2-1/2

[Event "Paignton op"]
[Site "Paignton"]
[Date "2013.09.04"]
[Round "4"]
[White "Coburn, Joseph A"]
[Black "Gregory, Philip J"]
[Result "1-0"]
[WhiteElo "1805"]
[BlackElo "2049"]
[PlyCount "47"]
[EventDate "2013.09.01"]
[EventType "swiss"]
[EventRounds "7"]
[EventCountry "ENG"]
[SourceTitle "EXT 2016"]
[Source "ChessBase"]
[SourceDate "2015.10.08"]
[SourceVersion "1"]
[SourceVersionDate "2015.10.08"]
[SourceQuality "1"]

1. d4 d5 2. Nf3 Nf6 3. c4 c6 4. Nc3 dxc4 5. a4 Bf5 6. Nh4 e6 7. Nxf5 exf5 8. e3 Bb4 9. Bxc4 0-0 10. 0-0 Qd7 11. Qb3 Bd6 12. h3 a5 13. d5 Na6 14. dxc6 bxc6 15. Rd1 Nc5 16. Qc2 Rfd8 17. b3 Qc8 18. Bb2 Nfe4 19. Ne2 Be7 20. Rxd8+ Qxd8 21. Rd1 Qc7 22. Nd4 g6 23. Nf3 Nd6 24. Qc3 1-0

[Event "London Classic op 4th"]
[Site "London"]
[Date "2012.12.07"]
[Round "7"]
[White "Millward, Kevin P"]
[Black "Gregory, Philip J"]
[Result "0-1"]
[WhiteElo "1969"]
[BlackElo "2071"]
[PlyCount "82"]
[EventDate "2012.12.01"]
[EventType "swiss"]
[EventRounds "9"]
[EventCountry "ENG"]
[SourceTitle "CBM 151 Extra"]
[Source "ChessBase"]
[SourceDate "2012.12.18"]
[SourceVersion "1"]
[SourceVersionDate "2012.12.18"]
[SourceQuality "1"]

1. g3 d5 2. Bg2 Nf6 3. f4 g6 4. Nf3 Bg7 5. 0-0 c5 6. d3 0-0 7. h3 Nc6 8. c3 Qc7 9. Qe1 e5 10. Nxe5 Nxe5 11. fxe5 Qxe5 12. Bf4 Qe7 13. Qf2 Nh5 14. Bxd5 Nxf4 15. gxf4 Bxh3 16. Re1 Be6 17. Bg2 Rad8 18. Nd2 Rd7 19. Ne4 Rc8 20. Ng5 b5 21. Qf3 Rcd8 22. Nxe6 fxe6 23. Rac1 b4 24. cxb4 cxb4 25. Bh3 Bxb2 26. Qe4 Bxc1 27. Bxe6+ Kf8 28. Rxc1 Rd6 29. Rc6 Rxc6 30. Qxc6 Qd6 31. Qc4 Qd4+ 32. Kg2 Qxc4 33. Bxc4 a5 34. Bb3 Rc8 35. Kf3 Rc3 36. Ke3 h5 37. Kd2 h4 38. Bd5 h3 39. a4 h2 40. Bf3 Rc7 41. Be4 b3 0-1

[Event "London Classic op"]
[Site "London"]
[Date "2010.12.15"]
[Round "9"]
[White "Sargent, John M"]
[Black "Gregory, Philip J"]
[Result "1/2-1/2"]
[WhiteElo "2205"]
[BlackElo "2096"]
[PlyCount "39"]
[EventDate "2010.12.08"]
[EventType "swiss"]
[EventRounds "9"]
[EventCountry "ENG"]
[SourceTitle "CBM 139 Extra"]
[Source "ChessBase"]
[SourceDate "2011.01.05"]
[SourceVersion "1"]
[SourceVersionDate "2011.01.05"]
[SourceQuality "1"]

1. e4 e5 2. Nf3 Nc6 3. Bb5 a6 4. Ba4 Nf6 5. 0-0 Nxe4 6. d4 b5 7. Bb3 d5 8. dxe5 Be6 9. Be3 Be7 10. c3 0-0 11. h3 Na5 12. Nd4 Nc4 13. Nxe6 fxe6 14. Bxc4 bxc4 15. Nd2 Nxd2 16. Qxd2 c5 17. f4 Qb6 18. f5 Rad8 19. fxe6 d4 20. Rxf8+ 1/2-1/2

[Event "London Classic op"]
[Site "London"]
[Date "2010.12.14"]
[Round "8"]
[White "Gregory, Philip J"]
[Black "Bishop, Geoffrey L"]
[Result "1-0"]
[WhiteElo "2096"]
[BlackElo "1800"]
[PlyCount "49"]
[EventDate "2010.12.08"]
[EventType "swiss"]
[EventRounds "9"]
[EventCountry "ENG"]
[SourceTitle "CBM 139 Extra"]
[Source "ChessBase"]
[SourceDate "2011.01.05"]
[SourceVersion "1"]
[SourceVersionDate "2011.01.05"]
[SourceQuality "1"]

1. e4 c5 2. c3 Nf6 3. e5 Nd5 4. d4 cxd4 5. Nf3 Nc6 6. cxd4 e6 7. Bd3 d6 8. a3 dxe5 9. dxe5 Qc7 10. 0-0 Nxe5 11. Nxe5 Qxe5 12. Bb5+ Bd7 13. Bxd7+ Kxd7 14. Nc3 Bd6 15. f4 Bc5+ 16. Kh1 Qd6 17. Ne4 Qc6 18. f5 Ke7 19. fxe6 fxe6 20. Bg5+ Ke8 21. Rc1 b6 22. b4 h6 23. Qh5+ Kd7 24. Qf7+ Kc8 25. bxc5 1-0

[Event "London Classic op"]
[Site "London"]
[Date "2010.12.12"]
[Round "5"]
[White "Reutimann, Hans Peter"]
[Black "Gregory, Philip J"]
[Result "0-1"]
[WhiteElo "1792"]
[BlackElo "2096"]
[PlyCount "110"]
[EventDate "2010.12.08"]
[EventType "swiss"]
[EventRounds "9"]
[EventCountry "ENG"]
[SourceTitle "CBM 139 Extra"]
[Source "ChessBase"]
[SourceDate "2011.01.05"]
[SourceVersion "1"]
[SourceVersionDate "2011.01.05"]
[SourceQuality "1"]

1. d4 Nf6 2. Nf3 e6 3. Bf4 c5 4. e3 Nc6 5. c3 d5 6. Nbd2 Be7 7. h3 0-0 8. Bd3 Bd7 9. Ne5 Nxe5 10. dxe5 Ne8 11. h4 f5 12. Qf3 Qb6 13. Rb1 Bb5 14. Bc2 Qa6 15. Ra1 Bd3 16. Bd1 Qb6 17. b3 Qa5 18. b4 cxb4 19. Nb3 Qa3 20. Be2 Qa6 21. c4 Bxc4 22. Nd4 Bxe2 23. Nxe2 Nc7 24. 0-0 Nb5 25. Qg3 Rac8 26. Bh6 Rf7 27. Nf4 Kh8 28. Bg5 Nc3 29. Bxe7 Rxe7 30. Kh2 Rec7 31. Qg5 Qc6 32. Rac1 Qd7 33. h5 Ne4 34. Rxc7 Rxc7 35. Qh4 a5 36. Nxe6 Qe7 37. Qxe7 Rxe7 38. Nd4 Rxe5 39. a3 bxa3 40. Rc1 Re8 41. Ra1 Nd6 42. Rxa3 Nc4 43. Rb3 b6 44. Rb5 Rd8 45. Nxf5 Rd7 46. Nd4 Kg8 47. Nc2 Kf7 48. g4 Ke7 49. Kg3 a4 50. Rb4 Ra7 51. e4 a3 52. Nd4 Kd7 53. exd5 a2 54. Nc2 Ra3+ 55. Kh4 Rc3 0-1

[Event "London Classic op"]
[Site "London"]
[Date "2009.12.12"]
[Round "6"]
[White "Gregory, Philip J"]
[Black "Reutimann, Hans Peter"]
[Result "1-0"]
[WhiteElo "2110"]
[BlackElo "1853"]
[PlyCount "63"]
[EventDate "2009.12.08"]
[EventType "swiss"]
[EventRounds "9"]
[EventCountry "ENG"]
[SourceTitle "CBM 133 Extra"]
[Source "ChessBase"]
[SourceDate "2010.01.05"]
[SourceVersion "1"]
[SourceVersionDate "2010.01.05"]
[SourceQuality "1"]

1. e4 e6 2. d4 d5 3. Nc3 Nf6 4. Bg5 Be7 5. e5 Ng8 6. Bxe7 Nxe7 7. f4 Nd7 8. Nf3 a6 9. Qd2 c5 10. 0-0-0 c4 11. g4 b5 12. Bh3 b4 13. Ne2 Nb6 14. c3 a5 15. Kb1 Bd7 16. Ka1 a4 17. cxb4 a3 18. b3 cxb3 19. axb3 Nc6 20. Nc1 a2 21. Nxa2 Qe7 22. Kb2 0-0 23. Ra1 Rab8 24. Rhc1 Ra8 25. Bf1 Rfb8 26. Rc5 Rxa2+ 27. Rxa2 Nxb4 28. Raa5 Ba4 29. Kc1 Nc6 30. Rxa4 Nxa4 31. bxa4 Nb4 32. Bb5 1-0

[Event "London Classic op"]
[Site "London"]
[Date "2009.12.10"]
[Round "3"]
[White "Gregory, Philip J"]
[Black "Andrews, J Garth"]
[Result "1-0"]
[WhiteElo "2110"]
[BlackElo "1650"]
[PlyCount "67"]
[EventDate "2009.12.08"]
[EventType "swiss"]
[EventRounds "9"]
[EventCountry "ENG"]
[SourceTitle "CBM 133 Extra"]
[Source "ChessBase"]
[SourceDate "2010.01.05"]
[SourceVersion "1"]
[SourceVersionDate "2010.01.05"]
[SourceQuality "1"]

1. e4 d6 2. d4 Nf6 3. Nc3 g6 4. Be3 Bg7 5. f3 0-0 6. Qd2 c6 7. 0-0-0 b5 8. g4 a5 9. h4 Ba6 10. h5 b4 11. Nce2 Bc4 12. Kb1 Na6 13. Bh6 a4 14. Ng3 Bxa2+ 15. Kxa2 b3+ 16. Kb1 bxc2+ 17. Kxc2 Qb6 18. Bxg7 Qb3+ 19. Kc1 Nb4 20. Bxf8 a3 21. bxa3 Na2+ 22. Qxa2 Qxa2 23. Bd3 Kxf8 24. N1e2 Qxa3+ 25. Kd2 Qb4+ 26. Ke3 c5 27. hxg6 fxg6 28. g5 cxd4+ 29. Kf2 Nh5 30. Nxh5 gxh5 31. Rxh5 Kg7 32. e5 dxe5 33. Rxh7+ Kg8 34. Rdh1 1-0

[Event "BCF-chT2b 0809 (4NCL)"]
[Site "Hinckley Island"]
[Date "2009.01.17"]
[Round "5.7"]
[White "Van Kemenade, Rudy"]
[Black "Gregory, Philip J"]
[Result "0-1"]
[WhiteElo "2020"]
[BlackElo "2105"]
[PlyCount "66"]
[EventDate "2008.10.04"]
[EventType "team-tourn"]
[EventRounds "7"]
[EventCountry "ENG"]
[SourceTitle "EXT 2010"]
[Source "ChessBase"]
[SourceDate "2010.11.25"]
[SourceVersion "1"]
[SourceVersionDate "2010.11.25"]
[SourceQuality "1"]
[WhiteTeam "South Wales Dragons II"]
[BlackTeam "CHEDP"]
[WhiteTeamCountry "ENG"]
[BlackTeamCountry "ENG"]

1. e4 e5 2. Nf3 Nc6 3. Bb5 a6 4. Ba4 Nf6 5. d3 b5 6. Bb3 Be7 7. 0-0 d6 8. c3 Na5 9. Bc2 c5 10. Nbd2 Nc6 11. Re1 0-0 12. Nf1 Qc7 13. h3 Be6 14. Ng5 Rad8 15. f4 exf4 16. Bxf4 Qb6 17. Kh1 Bc8 18. Ng3 h6 19. Nf3 Rfe8 20. Qd2 Bf8 21. Rf1 Ne5 22. Nh4 d5 23. Rae1 dxe4 24. Nxe4 Nxe4 25. Rxe4 Nc6 26. Rxe8 Rxe8 27. Be3 Nd8 28. d4 Qe6 29. Rf3 Bb7 30. Rg3 Bd6 31. Qd3 Be4 32. Qxe4 Qxe4 33. Bxe4 Bxg3 0-1

[Event "BCF-chT2 0708 (4NCL)"]
[Site "Sunningdale"]
[Date "2008.05.05"]
[Round "11.4"]
[White "Gourlay, Iain"]
[Black "Gregory, Philip J"]
[Result "1-0"]
[WhiteElo "2371"]
[BlackElo "2115"]
[PlyCount "79"]
[EventDate "2007.09.15"]
[EventType "team-tourn"]
[EventRounds "11"]
[EventCountry "ENG"]
[SourceTitle "EXT 2023"]
[Source "ChessBase"]
[SourceDate "2022.10.05"]
[SourceVersion "1"]
[SourceVersionDate "2022.10.05"]
[SourceQuality "1"]
[WhiteTeam "White Rose"]
[BlackTeam "Cheddleton"]
[WhiteTeamCountry "ENG"]
[BlackTeamCountry "ENG"]

1. Nf3 d5 2. g3 Nf6 3. Bg2 c6 4. b3 Bf5 5. Bb2 e6 6. d3 Be7 7. Nbd2 0-0 8. 0-0 h6 9. c4 Nbd7 10. a3 a5 11. Ra2 Re8 12. Qa1 Bf8 13. Rd1 Bh7 14. Ne5 Nxe5 15. Bxe5 Bd6 16. e4 Bxe5 17. Qxe5 Qb6 18. Qc3 dxe4 19. Nxe4 Bxe4 20. dxe4 Red8 21. Rad2 Rxd2 22. Rxd2 Rd8 23. c5 Qc7 24. Bf3 Rxd2 25. Qxd2 Nd7 26. Qd4 e5 27. Qc4 Nf6 28. Kg2 Kf8 29. Bd1 Qe7 30. b4 axb4 31. axb4 Nd7 32. Qa2 Qd8 33. Bb3 Nf6 34. Bxf7 Nxe4 35. Bc4 Nf6 36. Qa1 e4 37. Qe5 Qe7 38. Qb8+ Ne8 39. Qf4+ Nf6 40. h3 1-0

[Event "Portsmouth op"]
[Site "Portsmouth"]
[Date "2003.02.23"]
[Round "6"]
[White "Gregory, Philip J"]
[Black "Fysh Foskett, Adam"]
[Result "1/2-1/2"]
[WhiteElo "2159"]
[BlackElo "2075"]
[PlyCount "85"]
[EventDate "2003.02.21"]
[EventType "swiss"]
[EventRounds "6"]
[EventCountry "ENG"]
[SourceTitle "EXT 2004"]
[Source "ChessBase"]
[SourceDate "2003.11.25"]
[SourceVersion "1"]
[SourceVersionDate "2003.11.25"]
[SourceQuality "1"]

1. e4 e5 2. Nf3 Nc6 3. d4 exd4 4. Nxd4 Bc5 5. Be3 Nxd4 6. Bxd4 Bxd4 7. Qxd4 Qf6 8. Qxf6 Nxf6 9. e5 Ng4 10. f4 Ne3 11. Kd2 Nxf1+ 12. Rxf1 b6 13. Nc3 Ba6 14. Rfe1 0-0-0 15. Rad1 Bb7 16. Re2 d6 17. exd6 Rxd6+ 18. Ke1 Rxd1+ 19. Nxd1 Kd7 20. Kf2 Re8 21. Rxe8 Kxe8 22. Nc3 Kd7 23. g4 c5 24. Ke3 Ke6 25. Ne4 h6 26. c4 Bc6 27. Ng3 g6 28. h4 Bb7 29. h5 Bc6 30. f5+ Kf6 31. fxg6 fxg6 32. hxg6 Kxg6 33. Kf4 Bg2 34. b3 Kf6 35. Nf5 Bf1 36. Nxh6 Bd3 37. Nf5 Bb1 38. a3 Ba2 39. b4 cxb4 40. axb4 Bxc4 41. Nd6 Be2 42. Nc8 a5 43. bxa5 1/2-1/2

[Event "Portsmouth op"]
[Site "Portsmouth"]
[Date "2003.02.22"]
[Round "2"]
[White "Coates, Kenneth G"]
[Black "Gregory, Philip J"]
[Result "0-1"]
[WhiteElo "2169"]
[BlackElo "2159"]
[PlyCount "30"]
[EventDate "2003.02.21"]
[EventType "swiss"]
[EventRounds "6"]
[EventCountry "ENG"]
[SourceTitle "EXT 2004"]
[Source "ChessBase"]
[SourceDate "2003.11.25"]
[SourceVersion "1"]
[SourceVersionDate "2003.11.25"]
[SourceQuality "1"]

1. e4 e5 2. Nf3 Nc6 3. Bb5 a6 4. Ba4 Nf6 5. 0-0 Nxe4 6. d4 b5 7. Bb3 d5 8. dxe5 Be6 9. Qe2 Be7 10. Rd1 Nc5 11. c4 d4 12. cxb5 d3 13. bxc6 dxe2 14. Rxd8+ Rxd8 15. Bd2 Bxb3 0-1

[Event "Portsmouth op"]
[Site "Portsmouth"]
[Date "2003.02.21"]
[Round "1"]
[White "Gregory, Philip J"]
[Black "Hunt, Adam"]
[Result "0-1"]
[WhiteElo "2159"]
[BlackElo "2365"]
[PlyCount "54"]
[EventDate "2003.02.21"]
[EventType "swiss"]
[EventRounds "6"]
[EventCountry "ENG"]
[SourceTitle "EXT 2004"]
[Source "ChessBase"]
[SourceDate "2003.11.25"]
[SourceVersion "1"]
[SourceVersionDate "2003.11.25"]
[SourceQuality "1"]

1. e4 c5 2. Nf3 d6 3. d4 cxd4 4. Nxd4 Nf6 5. Nc3 a6 6. f4 Qc7 7. a4 g6 8. Bd3 Bg7 9. Nf3 Nbd7 10. 0-0 b6 11. Qe1 Bb7 12. e5 dxe5 13. fxe5 Ng4 14. e6 fxe6 15. Qh4 Bxf3 16. gxf3 Nge5 17. Be4 Rc8 18. Bh6 Bf6 19. Bg5 0-0 20. f4 Nc4 21. Qg4 Nc5 22. Bh6 Ne3 23. Qh3 Nxf1 24. Bxf8 Bd4+ 25. Kh1 Nd2 26. Bh6 Ndxe4 27. Nxe4 Qc6 0-1

[Event "Southend op"]
[Site "London"]
[Date "1998.04.11"]
[Round "3"]
[White "Lewis, Andrew P"]
[Black "Gregory, Philip J"]
[Result "1/2-1/2"]
[WhiteElo "2296"]
[BlackElo "1952"]
[PlyCount "85"]
[EventDate "1998.04.10"]
[EventType "swiss"]
[EventRounds "7"]
[EventCountry "ENG"]
[SourceTitle "EXT 2001"]
[Source "ChessBase"]
[SourceDate "2000.11.22"]
[SourceVersion "1"]
[SourceVersionDate "2000.11.22"]
[SourceQuality "1"]

1. c4 e5 2. g3 Nf6 3. Bg2 c6 4. Nf3 e4 5. Nd4 d5 6. cxd5 cxd5 7. 0-0 Nc6 8. Nxc6 bxc6 9. d3 Bf5 10. dxe4 Nxe4 11. Nd2 Nxd2 12. Bxd2 Be7 13. Rc1 Qb6 14. Be3 Qb5 15. b3 0-0 16. Qd2 Rfc8 17. Bd4 a5 18. g4 Bg6 19. f4 Be4 20. Bxe4 dxe4 21. Qc3 Bf8 22. Qc4 Ba3 23. Rc2 a4 24. bxa4 Qxa4 25. Qxa4 Rxa4 26. Be3 c5 27. Rd1 Kf8 28. Kf2 f6 29. Rd5 g6 30. Bxc5+ Bxc5+ 31. Rdxc5 Rxc5 32. Rxc5 Rxa2 33. Rc4 h5 34. gxh5 gxh5 35. Rxe4 Kf7 36. Rb4 Ra3 37. Rb5 Rh3 38. Kg2 Re3 39. Kf2 Rh3 40. Kg2 Re3 41. Rb2 Ke6 42. Kf2 Rh3 43. Kg2 1/2-1/2

[Event "Southend op"]
[Site "London"]
[Date "1998.04.10"]
[Round "2"]
[White "Gregory, Philip J"]
[Black "Erntroy, Michael"]
[Result "1-0"]
[WhiteElo "1952"]
[BlackElo "1696"]
[PlyCount "65"]
[EventDate "1998.04.10"]
[EventType "swiss"]
[EventRounds "7"]
[EventCountry "ENG"]
[SourceTitle "EXT 2001"]
[Source "ChessBase"]
[SourceDate "2000.11.22"]
[SourceVersion "1"]
[SourceVersionDate "2000.11.22"]
[SourceQuality "1"]

1. e4 e5 2. Nf3 d6 3. d4 exd4 4. Nxd4 Nf6 5. Nc3 Be7 6. Be2 0-0 7. 0-0 a6 8. a4 c5 9. Nb3 Nc6 10. Be3 Be6 11. f4 Bxb3 12. cxb3 Re8 13. Bf3 Bf8 14. Re1 Rc8 15. Bf2 g6 16. g4 Nb4 17. g5 Nd7 18. Qd2 Nb6 19. a5 Na8 20. Red1 Nc7 21. h4 Qd7 22. Kh2 Qe6 23. Nd5 Ncxd5 24. exd5 Qf5 25. Rac1 Rc7 26. Kg3 Rce7 27. Bg4 Qe4 28. Rc4 Qxd5 29. Qxd5 Nxd5 30. Rxd5 Re4 31. Bf3 R4e6 32. Rc2 f5 33. Rdd2 1-0